Mozambique : Recent Economic Developments.

This paper reviews economic developments in the Republic of Mozambique during 1990-96. Under the Economic and Social Rehabilitation Program (ESRP), the economy has made impressive economic gains. Real GDP growth averaged 6.7 percent in 1987-95, despite the civil war, a decline in the terms of trade,...

Descripció completa

Dades bibliogràfiques
Autor corporatiu: International Monetary Fund
Format: Revista
Idioma:English
Publicat: Washington, D.C. : International Monetary Fund, 1997.
Col·lecció:IMF Staff Country Reports; Country Report ; No. 1996/142
Accés en línia:Full text available on IMF
LEADER 01582cas a2200241 a 4500
001 AALejournalIMF000086
008 230101c9999 xx r poo 0 0eng d
020 |c 5.00 USD 
020 |z 9781451827033 
022 |a 1934-7685 
040 |a BD-DhAAL  |c BD-DhAAL 
110 2 |a International Monetary Fund. 
245 1 0 |a Mozambique :   |b Recent Economic Developments. 
264 1 |a Washington, D.C. :  |b International Monetary Fund,  |c 1997. 
300 |a 1 online resource (106 pages) 
490 1 |a IMF Staff Country Reports 
500 |a <strong>Off-Campus Access:</strong> No User ID or Password Required 
500 |a <strong>On-Campus Access:</strong> No User ID or Password Required 
506 |a Electronic access restricted to authorized BRAC University faculty, staff and students 
520 3 |a This paper reviews economic developments in the Republic of Mozambique during 1990-96. Under the Economic and Social Rehabilitation Program (ESRP), the economy has made impressive economic gains. Real GDP growth averaged 6.7 percent in 1987-95, despite the civil war, a decline in the terms of trade, and natural disasters. Investment and export volumes are growing rapidly. These achievements have been capped in the last two years (1995-96) by a dramatic decline in inflation-from 70 percent in 1994 to 13 percent in the first eight months of 1996. 
538 |a Mode of access: Internet 
830 0 |a IMF Staff Country Reports; Country Report ;  |v No. 1996/142 
856 4 0 |z Full text available on IMF  |u http://elibrary.imf.org/view/journals/002/1996/142/002.1996.issue-142-en.xml  |z IMF e-Library